[Event "GER-ch (Women) op"]
[Site "Augsburg"]
[Date "2024.03.10"]
[Round "8"]
[White "Buksa, Nataliya"]
[Black "Heinemann, Josefine"]
[Result "1-0"]
[WhiteElo "2388"]
[BlackElo "2303"]
[PlyCount "59"]
[EventDate "2024.03.06"]
[EventType "swiss"]
[EventRounds "9"]
[EventCountry "GER"]
[SourceTitle "CB12_2024"]
[SourceDate "2023.10.01"]
[SourceVersion "1"]
[SourceVersionDate "2023.10.01"]
[SourceQuality "1"]

1. e4 e5 2. Nf3 Nc6 3. Bc4 Bc5 4. c3 Nf6 5. d4 exd4 6. e5 d5 7. Bb5 Ne4 8. cxd4 Bb6 9. Nc3 0-0 10. Be3 Bg4 11. h3 Bxf3 12. gxf3 Nxc3 13. bxc3 f6 14. f4 Qe7 15. a4 fxe5 16. fxe5 Nxe5 17. dxe5 Bxe3 18. fxe3 Qxe5 19. Qd4 Qg3+ 20. Kd2 Rf2+ 21. Be2 Rxe2+ 22. Kxe2 Qg2+ 23. Kd3 c5 24. Qe5 Qg6+ 25. e4 c4+ 26. Ke2 Re8 27. Qxd5+ Kh8 28. Rhg1 Qh6 29. Qg5 Rxe4+ 30. Kf3 1-0

[Event "GER-ch (Women) op"]
[Site "Augsburg"]
[Date "2024.03.09"]
[Round "7"]
[White "Buksa, Nataliya"]
[Black "Videnova, Iva"]
[Result "1/2-1/2"]
[WhiteElo "2388"]
[BlackElo "2325"]
[PlyCount "111"]
[EventDate "2024.03.06"]
[EventType "swiss"]
[EventRounds "9"]
[EventCountry "GER"]
[SourceTitle "CB12_2024"]
[SourceDate "2023.10.01"]
[SourceVersion "1"]
[SourceVersionDate "2023.10.01"]
[SourceQuality "1"]

1. e4 e5 2. Nf3 Nc6 3. Bb5 a6 4. Ba4 Nf6 5. 0-0 Be7 6. Re1 b5 7. Bb3 0-0 8. a4 d5 9. d4 Bg4 10. dxe5 Nxe5 11. exd5 Bd6 12. Be3 Nfd7 13. Nbd2 Nxf3+ 14. Nxf3 Ne5 15. Bf4 Nxf3+ 16. gxf3 Qf6 17. Bg3 Bxf3 18. Qd3 b4 19. c3 bxc3 20. Bc2 g6 21. bxc3 h5 22. Re3 Bg4 23. Qd4 Qxd4 24. cxd4 Bxg3 25. hxg3 Rad8 26. Bb3 Bc8 27. Rc1 Bb7 28. Rxc7 Bxd5 29. Ra7 Bxb3 30. Rxb3 Rd6 31. a5 Rc8 32. Kg2 Rcc6 33. Rf3 Rf6 34. d5 Rcd6 35. Rxf6 Rxf6 36. Ra8+ Kg7 37. Rd8 Rf5 38. f4 g5 39. fxg5 Rxg5 40. Kf3 Kf6 41. Rd7 Rg4 42. Rd6+ Ke7 43. Rxa6 Ra4 44. Ra7+ Kd6 45. Rxf7 Rxa5 46. Rf6+ Ke5 47. Rh6 Ra3+ 48. Kg2 Kxd5 49. Rxh5+ Ke6 50. Kh3 Kf6 51. Rb5 Kg6 52. Kh4 Ra4+ 53. g4 Ra6 54. Rg5+ Kh6 55. Rh5+ Kg6 56. Rg5+ 1/2-1/2

[Event "GER-ch (Women) op"]
[Site "Augsburg"]
[Date "2024.03.07"]
[Round "3"]
[White "Imnadze, Nato"]
[Black "Buksa, Nataliya"]
[Result "0-1"]
[WhiteElo "2179"]
[BlackElo "2388"]
[PlyCount "72"]
[EventDate "2024.03.06"]
[EventType "swiss"]
[EventRounds "9"]
[EventCountry "GER"]
[SourceTitle "CB12_2024"]
[SourceDate "2023.10.01"]
[SourceVersion "1"]
[SourceVersionDate "2023.10.01"]
[SourceQuality "1"]

1. d4 d5 2. Nf3 Nf6 3. Bf4 e6 4. e3 c5 5. c3 Nc6 6. Nbd2 cxd4 7. exd4 Nh5 8. Be3 Bd6 9. Bb5 Nf6 10. Ne5 0-0 11. f4 Qb6 12. Qe2 a6 13. Bd3 Qxb2 14. 0-0 Qxc3 15. Rfc1 Qa3 16. Ndc4 dxc4 17. Nxc4 Qa4 18. Rab1 Nb4 19. Nxd6 Nxd3 20. Qxd3 Rb8 21. Nc4 b5 22. Ne5 Qxa2 23. Rb3 Bb7 24. Bd2 Rbc8 25. Re1 Rfd8 26. Ra3 Qc2 27. Rc3 Rxc3 28. Qxc3 Rc8 29. Qxc2 Rxc2 30. Rd1 b4 31. Bxb4 Rxg2+ 32. Kf1 Rxh2 33. Rd2 Rh1+ 34. Ke2 Nd5 35. Nd3 Nxb4 36. Nxb4 Rh2+ 0-1

[Event "Swiss Queens Wed #5"]
[Site "FIDE Online Arena INT"]
[Date "2024.02.28"]
[Round "5"]
[White "Papp, Petra"]
[Black "Buksa, Nataliya"]
[Result "1-0"]
[WhiteElo "2267"]
[BlackElo "2388"]
[PlyCount "75"]
[EventDate "2024.02.28"]
[EventType "swiss (blitz)"]
[EventRounds "11"]
[EventCountry "NET"]
[SourceTitle "CB10_2024"]
[SourceDate "2024.03.06"]
[SourceVersion "1"]
[SourceVersionDate "2024.03.06"]
[SourceQuality "1"]

1. e4 e5 2. Nf3 Nc6 3. Bb5 a6 4. Ba4 Nge7 5. c3 Ng6 6. 0-0 b5 7. Bb3 Be7 8. d4 d6 9. h3 0-0 10. Re1 a5 11. a3 Bb7 12. Be3 b4 13. axb4 axb4 14. Nbd2 Bf6 15. Qc2 bxc3 16. bxc3 exd4 17. Nxd4 Re8 18. Bd5 Nxd4 19. Bxd4 c6 20. Bb3 c5 21. Bxf6 Qxf6 22. g3 Ne5 23. Bd5 Bxd5 24. exd5 Rxa1 25. Rxa1 Qh6 26. Kg2 c4 27. Re1 Rb8 28. Re4 Nd3 29. Nxc4 Nc5 30. Re3 Qg5 31. Qd2 Rd8 32. Re8+ Rxe8 33. Qxg5 h6 34. Qf4 Rd8 35. Nxd6 Rd7 36. Nf5 Nd3 37. Qe3 Rxd5 38. Ne7+ 1-0

[Event "Swiss Queens Wed #4"]
[Site "FIDE Online Arena INT"]
[Date "2024.02.21"]
[Round "5"]
[White "Ambartsumova, Karina"]
[Black "Buksa, Nataliya"]
[Result "1-0"]
[WhiteElo "2418"]
[BlackElo "2388"]
[PlyCount "115"]
[EventDate "2024.02.21"]
[EventType "swiss (blitz)"]
[EventRounds "11"]
[EventCountry "NET"]
[SourceTitle "CB09_2024"]
[SourceDate "2024.02.28"]
[SourceVersion "1"]
[SourceVersionDate "2024.02.28"]
[SourceQuality "1"]

1. d4 d5 2. c4 e6 3. Nc3 Nf6 4. cxd5 exd5 5. Bg5 c6 6. e3 Nbd7 7. Bd3 Be7 8. h3 0-0 9. Qc2 Re8 10. Nf3 Nf8 11. 0-0 h6 12. Bh4 Ne4 13. Bxe7 Qxe7 14. a3 Nxc3 15. bxc3 Be6 16. c4 Nd7 17. Rab1 Rab8 18. Rb2 dxc4 19. Bxc4 Bxc4 20. Qxc4 Qxa3 21. Ra2 Qd6 22. Rxa7 b5 23. Qb3 c5 24. dxc5 Qc6 25. Nd4 Qc8 26. Nf5 Re6 27. Qxe6 fxe6 28. Ne7+ Kh7 29. Nxc8 Nxc5 30. Nd6 b4 31. Rb1 b3 32. Rc7 Na4 33. Rb7 Rd8 34. Nc4 Nc5 35. Rb5 Ne4 36. R5xb3 h5 37. Rb7 Kh6 38. Ne5 Rc8 39. h4 Rc2 40. R7b2 Rc5 41. Nf3 Nc3 42. Ra1 Ne4 43. Rb6 g6 44. Rxe6 Nc3 45. Ng5 Rc7 46. Raa6 Ne2+ 47. Kh2 Kg7 48. Rxg6+ Kh8 49. Rh6+ Kg8 50. Rag6+ Kf8 51. Rh8+ Ke7 52. Rg7+ Kd6 53. Rh6+ Ke5 54. Rxc7 Nf4 55. exf4+ Kf5 56. Rc5+ Kg4 57. f3+ Kxh4 58. g3# 1-0

[Event "Swiss Queens Wed #4"]
[Site "FIDE Online Arena INT"]
[Date "2024.02.21"]
[Round "11"]
[White "Buksa, Nataliya"]
[Black "Dzagnidze, Nana"]
[Result "1-0"]
[WhiteElo "2388"]
[BlackElo "2506"]
[PlyCount "79"]
[EventDate "2024.02.21"]
[EventType "swiss (blitz)"]
[EventRounds "11"]
[EventCountry "NET"]
[SourceTitle "CB09_2024"]
[SourceDate "2024.02.28"]
[SourceVersion "1"]
[SourceVersionDate "2024.02.28"]
[SourceQuality "1"]

1. d4 Nf6 2. Nc3 d5 3. Bf4 a6 4. e3 Bf5 5. Nf3 e6 6. Ne5 Nbd7 7. g4 Bg6 8. h4 h6 9. Nxg6 fxg6 10. Bd3 Kf7 11. Qf3 c5 12. dxc5 Nxc5 13. 0-0-0 Nxd3+ 14. Rxd3 Bd6 15. Rhd1 Bxf4 16. Qxf4 Qb8 17. Qf3 Qe5 18. e4 dxe4 19. Qe3 g5 20. Rd4 Nxg4 21. Qe2 Nf6 22. Nxe4 Kg6 23. h5+ Nxh5 24. Qd3 Qf5 25. Rd7 Nf4 26. Qe3 Rac8 27. R1d2 Rc6 28. Qd4 Rhc8 29. Qxg7+ Kh5 30. Ng3+ Kg4 31. Nxf5 exf5 32. f3+ Kxf3 33. c3 Re6 34. Re7 Re8 35. Rxe8 Rxe8 36. Qxb7+ Re4 37. Qxa6 Re1+ 38. Kc2 g4 39. Qc6+ Re4 40. a4 1-0

[Event "Swiss Queens Wed #4"]
[Site "FIDE Online Arena INT"]
[Date "2024.02.21"]
[Round "7"]
[White "Nikitina, Elena"]
[Black "Buksa, Nataliya"]
[Result "0-1"]
[WhiteElo "1996"]
[BlackElo "2388"]
[PlyCount "142"]
[EventDate "2024.02.21"]
[EventType "swiss (blitz)"]
[EventRounds "11"]
[EventCountry "NET"]
[SourceTitle "CB09_2024"]
[SourceDate "2024.02.28"]
[SourceVersion "1"]
[SourceVersionDate "2024.02.28"]
[SourceQuality "1"]

1. d4 d5 2. Nf3 e6 3. g3 Nf6 4. Bg2 Be7 5. 0-0 0-0 6. b3 a5 7. Bb2 a4 8. a3 axb3 9. cxb3 b6 10. b4 c5 11. bxc5 bxc5 12. dxc5 Bxc5 13. Nbd2 Nbd7 14. Nb3 Be7 15. Nbd4 Qb6 16. Qc2 Ba6 17. Rfb1 Rfc8 18. Qd1 Qa7 19. a4 Bc5 20. e3 Ne4 21. Nb5 Qb6 22. Nfd4 Ndf6 23. Ba3 Bxa3 24. Rxa3 Qc5 25. Raa1 Bxb5 26. Nxb5 h6 27. Bf1 Qc2 28. Qxc2 Rxc2 29. Bd3 Rxf2 30. a5 Rd2 31. Bxe4 Nxe4 32. a6 Ng5 33. Rf1 Rb2 34. Ra5 Nh3+ 35. Kh1 Nf2+ 36. Kg1 Nh3+ 37. Kh1 Rc8 38. Nd4 e5 39. Nf3 e4 40. Nd4 Nf2+ 41. Kg1 Ng4 42. a7 Ra8 43. Nb5 Rc2 44. Re1 Rc5 45. Rea1 Ne5 46. Nd6 Rxa5 47. Rxa5 Nc6 48. Ra6 Nb4 49. Ra5 Nc6 50. Ra6 Nb4 51. Ra5 Kf8 52. Ra4 Nc6 53. Nb5 Ke7 54. Nc7 Rxa7 55. Nxd5+ Kd6 56. Rxa7 Nxa7 57. Nc3 f5 58. Kf2 Ke5 59. Ne2 Nc6 60. Nd4 Nxd4 61. exd4+ Kxd4 62. Ke2 g5 63. h3 f4 64. gxf4 gxf4 65. Kf2 e3+ 66. Ke2 Ke4 67. h4 f3+ 68. Kf1 Kd3 69. h5 Kd2 70. Kg1 e2 71. Kh2 e1Q 0-1

[Event "Swiss Queens Wed #3"]
[Site "FIDE Online Arena INT"]
[Date "2024.02.14"]
[Round "8"]
[White "Buksa, Nataliya"]
[Black "Jakubowska, Anna"]
[Result "1-0"]
[WhiteElo "2388"]
[BlackElo "2139"]
[PlyCount "61"]
[EventDate "2024.02.14"]
[EventType "swiss (blitz)"]
[EventRounds "11"]
[EventCountry "NET"]
[SourceTitle "CB08_2024"]
[SourceDate "2024.02.21"]
[SourceVersion "1"]
[SourceVersionDate "2024.02.21"]
[SourceQuality "1"]

1. d4 f5 2. Nc3 d5 3. Bg5 g6 4. h4 Bg7 5. Nf3 Be6 6. e3 Nd7 7. Be2 c6 8. Bf4 Ngf6 9. Ng5 Bg8 10. h5 h6 11. Nf3 g5 12. Be5 Be6 13. Qd2 b5 14. 0-0-0 b4 15. Na4 Qa5 16. b3 Nb6 17. Bxf6 Bxf6 18. Nc5 Qxa2 19. Qxb4 Bf7 20. Kd2 Nc4+ 21. Bxc4 a5 22. Qb7 0-0 23. Ra1 Qb2 24. Rhb1 Qxa1 25. Rxa1 dxc4 26. Nd7 Rfd8 27. Nxf6+ exf6 28. Qxc6 cxb3 29. cxb3 Bxb3 30. Qxf6 Rac8 31. Ne5 1-0

[Event "Swiss Queens Wed #2"]
[Site "FIDE Online Arena INT"]
[Date "2024.02.07"]
[Round "8"]
[White "Ambartsumova, Karina"]
[Black "Buksa, Nataliya"]
[Result "0-1"]
[WhiteElo "2418"]
[BlackElo "2388"]
[PlyCount "178"]
[EventDate "2024.02.07"]
[EventType "swiss (blitz)"]
[EventRounds "11"]
[EventCountry "NET"]
[SourceTitle "CB07_2024"]
[SourceDate "2024.02.14"]
[SourceVersion "1"]
[SourceVersionDate "2024.02.14"]
[SourceQuality "1"]

1. d4 d5 2. c4 e6 3. Nc3 Nf6 4. cxd5 exd5 5. Bg5 c6 6. e3 Nbd7 7. Bd3 Be7 8. Qc2 Nh5 9. Bxe7 Qxe7 10. Nge2 Nb6 11. b3 g6 12. 0-0 Ng7 13. Rae1 Bf5 14. Ng3 Bxd3 15. Qxd3 0-0 16. f3 f5 17. Re2 Rae8 18. Rfe1 Rd8 19. Nf1 Qb4 20. f4 Nh5 21. Nd2 Nf6 22. Nf3 Nc8 23. Ne5 Nd6 24. Qc2 Nde4 25. Nxe4 Nxe4 26. Rf1 a5 27. a4 Rc8 28. Nd3 Qd6 29. Rc1 Rc7 30. Nc5 Nf6 31. Nd3 b6 32. Qb2 Rfc8 33. Rec2 Ne4 34. b4 axb4 35. Qxb4 c5 36. dxc5 bxc5 37. Qb2 c4 38. Ne5 c3 39. Qb5 Qc5 40. Qd3 Ra8 41. Ra1 Ra5 42. h3 Kg7 43. Kh2 Rb7 44. Nf3 Rb4 45. Nd4 Qc4 46. Qxc4 Rxc4 47. Rca2 Kf6 48. Nb3 Ra6 49. a5 Rb4 50. Nd4 Nd2 51. Rc1 Ne4 52. Rcc2 Ke7 53. Ra3 h5 54. Ne2 Rb5 55. Nd4 Rc5 56. Nb3 Rc7 57. Nd4 Kd6 58. Nb5+ Kc6 59. Nxc7 Kxc7 60. Raxc3+ Nxc3 61. Rxc3+ Kd6 62. Ra3 Kc5 63. Kg3 Kb4 64. Ra1 Kc3 65. Kh4 Kb2 66. Ra4 Kb3 67. Rd4 Rxa5 68. Kg5 Ra2 69. g3 Rg2 70. Kxg6 Rxg3+ 71. Kxf5 Rxh3 72. Rxd5 Rxe3 73. Kg5 Kc4 74. Rd8 Rf3 75. f5 h4 76. Rh8 h3 77. f6 Kd5 78. Kg6 Ke6 79. Re8+ Kd7 80. Re2 Rg3+ 81. Kh7 Rg2 82. Re1 Rf2 83. Kg7 Rg2+ 84. Kf8 h2 85. Rh1 Ke6 86. f7 Ra2 87. Re1+ Kf6 88. Kg8 Rg2+ 89. Kf8 Rg1 0-1

[Event "Swiss Queens Wed #2"]
[Site "FIDE Online Arena INT"]
[Date "2024.02.07"]
[Round "1"]
[White "Buksa, Nataliya"]
[Black "Tripurambika, V."]
[Result "1-0"]
[WhiteElo "2388"]
[BlackElo "1329"]
[PlyCount "101"]
[EventDate "2024.02.07"]
[EventType "swiss (blitz)"]
[EventRounds "11"]
[EventCountry "NET"]
[SourceTitle "CB07_2024"]
[SourceDate "2024.02.14"]
[SourceVersion "1"]
[SourceVersionDate "2024.02.14"]
[SourceQuality "1"]

1. d4 d5 2. Nc3 Nf6 3. Bf4 c5 4. e3 Nc6 5. Nb5 e5 6. dxe5 a6 7. Nc3 Ng4 8. Qxd5 Be6 9. Qxd8+ Rxd8 10. Nf3 f6 11. exf6 Nxf6 12. Be2 Bd6 13. Bxd6 Rxd6 14. Rd1 Rxd1+ 15. Kxd1 Ke7 16. h3 Rd8+ 17. Kc1 Nb4 18. a3 Nbd5 19. Nxd5+ Rxd5 20. Rd1 b5 21. Rxd5 Bxd5 22. Ne1 h6 23. f3 Ke6 24. e4 Bc6 25. Nd3 c4 26. Nc5+ Ke5 27. Nxa6 Kd4 28. Kd2 Bb7 29. Nc7 Kc5 30. Ne6+ Kd6 31. Nxg7 Ke5 32. Ke3 Bc6 33. f4+ Kd6 34. e5+ Ke7 35. exf6+ Kxf6 36. Nh5+ Kf5 37. g4+ Kg6 38. Bf3 Bxf3 39. Kxf3 Kf7 40. c3 Ke6 41. Ke4 Kd6 42. f5 Ke7 43. f6+ Kf7 44. Kf5 Kf8 45. Nf4 Ke8 46. Ke6 Kf8 47. Ng6+ Kg8 48. f7+ Kg7 49. f8Q+ Kxg6 50. Qf7+ Kg5 51. Qf6# 1-0

[Event "Swiss Queens Wed #2"]
[Site "FIDE Online Arena INT"]
[Date "2024.02.07"]
[Round "3"]
[White "Buksa, Nataliya"]
[Black "Zaksaite, Salomeja"]
[Result "1-0"]
[WhiteElo "2388"]
[BlackElo "2212"]
[PlyCount "79"]
[EventDate "2024.02.07"]
[EventType "swiss (blitz)"]
[EventRounds "11"]
[EventCountry "NET"]
[SourceTitle "CB07_2024"]
[SourceDate "2024.02.14"]
[SourceVersion "1"]
[SourceVersionDate "2024.02.14"]
[SourceQuality "1"]

1. d4 Nf6 2. Nc3 d5 3. Bf4 g6 4. e3 Bg7 5. h4 h5 6. Nf3 0-0 7. Ne5 Nbd7 8. Qd2 c5 9. 0-0-0 c4 10. f3 b5 11. Nxb5 Qb6 12. Na3 Bb7 13. Qc3 Nxe5 14. Bxe5 Bc6 15. g4 hxg4 16. Bxf6 Bxf6 17. fxg4 a5 18. g5 Bg7 19. Bg2 Qb4 20. h5 gxh5 21. Rxh5 Qxc3 22. bxc3 Rfc8 23. Rh4 Ra7 24. e4 e6 25. e5 Rb7 26. Rdh1 Rb6 27. Bh3 Be8 28. Bg4 Rcb8 29. Kd2 Rb2 30. g6 f5 31. exf6 Bxf6 32. Bxe6+ Kf8 33. Rg4 Rxa2 34. g7+ Bxg7 35. Rf1+ Ke7 36. Rxg7+ Kxe6 37. Nb1 Ra1 38. Rgg1 a4 39. Re1+ Kf6 40. Ke3 1-0

[Event "Swiss Queens Wed #1"]
[Site "FIDE Online Arena INT"]
[Date "2024.01.31"]
[Round "2"]
[White "Gomez Barrera, Javiera Belen"]
[Black "Buksa, Nataliya"]
[Result "0-1"]
[WhiteElo "2217"]
[BlackElo "2388"]
[PlyCount "64"]
[EventDate "2024.01.31"]
[EventType "swiss (blitz)"]
[EventRounds "11"]
[EventCountry "NET"]
[SourceTitle "CB06_2024"]
[SourceDate "2024.02.07"]
[SourceVersion "1"]
[SourceVersionDate "2024.02.07"]
[SourceQuality "1"]

1. e4 c5 2. Nf3 Nc6 3. d4 cxd4 4. Nxd4 e5 5. Nb5 d6 6. N5c3 Nf6 7. Be2 Be7 8. Be3 0-0 9. Na3 Be6 10. 0-0 a6 11. f3 b5 12. Nd5 Rb8 13. Qd2 Bxd5 14. exd5 Na5 15. c4 bxc4 16. Nxc4 Nxc4 17. Bxc4 a5 18. Rfc1 Nd7 19. Rab1 h6 20. b4 Nb6 21. bxa5 Nxc4 22. Rxb8 Qxb8 23. Rxc4 Qb5 24. Rc6 Ra8 25. a6 Rxa6 26. Rxa6 Qxa6 27. Qc2 Qa3 28. Bc1 Qa7+ 29. Kf1 Qa5 30. Qd2 Qb5+ 31. Kg1 Qc5+ 32. Kf1 Bg5 0-1

[Event "Swiss Queens Wed #1"]
[Site "FIDE Online Arena INT"]
[Date "2024.01.31"]
[Round "6"]
[White "Maltsevskaya, Aleksandra"]
[Black "Buksa, Nataliya"]
[Result "1-0"]
[WhiteElo "2378"]
[BlackElo "2388"]
[PlyCount "79"]
[EventDate "2024.01.31"]
[EventType "swiss (blitz)"]
[EventRounds "11"]
[EventCountry "NET"]
[SourceTitle "CB06_2024"]
[SourceDate "2024.02.07"]
[SourceVersion "1"]
[SourceVersionDate "2024.02.07"]
[SourceQuality "1"]

1. e4 c5 2. Nf3 Nc6 3. d4 cxd4 4. Nxd4 e5 5. Nb5 d6 6. N1c3 a6 7. Na3 b5 8. Nd5 Nf6 9. Bg5 Be7 10. Bxf6 Bxf6 11. c4 b4 12. Nc2 a5 13. b3 Be6 14. g3 0-0 15. h4 Rb8 16. Bh3 Re8 17. Kf1 Nd4 18. Kg2 g6 19. h5 Bg7 20. hxg6 hxg6 21. Nxd4 exd4 22. Bxe6 fxe6 23. Nf4 Qg5 24. Rh4 d3 25. Rb1 d2 26. Qxd2 Rbd8 27. Qe2 d5 28. Rg4 Qe5 29. Nxg6 Qf6 30. Rh1 dxc4 31. bxc4 a4 32. e5 Qf7 33. Qe4 b3 34. axb3 axb3 35. Rf4 Qd7 36. Qf3 Rb8 37. Qh5 Bxe5 38. Nxe5 Qg7 39. Rg4 b2 40. Qh8# 1-0